Normal view MARC view

Entry Personal Name

Number of records used in: 1

001 - CONTROL NUMBER

  • control field: 1223243

003 - CONTROL NUMBER IDENTIFIER

  • control field: OSt

005 - DATE AND TIME OF LATEST TRANSACTION

  • control field: 20260324145522.0

008 - FIXED-LENGTH DATA ELEMENTS

  • fixed length control field: 260324|| aca||aabn | a|a d

040 ## - CATALOGING SOURCE

  • Original cataloging agency: OSt
  • Transcribing agency: OSt

100 ## - HEADING--PERSONAL NAME

  • Personal name: David J Muller; Sian M. Munro; Christopher Code

670 ## - SOURCE DATA FOUND

  • Source citation: Work cat.: (OSt)1831269: David J Muller; Sian M. Munro; Christopher Code, Language Assessment for Remediation (1981)
Copyright @ Delhi University Library System